000 00353nam a2200145Ia 4500
008 100122s9999 xx 000 0 und d
082 _b67743
_a823
100 _aABRAHAMS PETER
245 _aTHEIR WIDEST DREAMS
260 _bPENGUIN BOOKS
_c2003
300 _a452
630 _aTHEIR WIDEST DREAMS
730 _aTHEIR WIDEST DREAMS
942 _cBOOK
999 _c381182
_d381179